ბათუმის შოთა რუსთაველის სახელმწიფო უნივერსიტეტის ბიბლიოთეკა

Из истории греческой интеллигенции эллинистического времени / (ბიბ.ჩანაწერი № 60795)

000 -LEADER
fixed length control field 00867nam a22001937a 4500
005 - DATE AND TIME OF LATEST TRANSACTION
control field 20231023165113.0
008 - FIXED-LENGTH DATA ELEMENTS--GENERAL INFORMATION
fixed length control field 231023s1983 ru ||||| |||| 00| 0 rus d
041 ## - LANGUAGE CODE
Language code of text/sound track or separate title rus
080 ## - UNIVERSAL DECIMAL CLASSIFICATION NUMBER
Universal Decimal Classification number 323.329(38)+94(38) Б-68
100 ## - MAIN ENTRY--PERSONAL NAME
Personal name Блаватская, Т. В.
9 (RLIN) 20189
245 ## - TITLE STATEMENT
Title Из истории греческой интеллигенции эллинистического времени /
Statement of responsibility, etc. Т.В. Блаватская ; Академия наук СССР, Институт всеобщей истории.
264 ## - PRODUCTION, PUBLICATION, DISTRIBUTION, MANUFACTURE, AND COPYRIGHT NOTICE
Place of production, publication, distribution, manufacture Москва :
Name of producer, publisher, distributor, manufacturer Наука,
Date of production, publication, distribution, manufacture, or copyright notice 1983.
300 ## - PHYSICAL DESCRIPTION
Extent 325 с. :
Other physical details ил. ;
Dimensions 21 см.
521 ## - TARGET AUDIENCE NOTE
Target audience note ტერმინთა ლექსიკონი: გვ. 323-324.
653 ## - INDEX TERM--UNCONTROLLED
keyword ინტელიგენცია
653 ## - INDEX TERM--UNCONTROLLED
keyword ძველი საბერძნეთი
653 ## - INDEX TERM--UNCONTROLLED
keyword ისტორია
942 ## - ADDED ENTRY ELEMENTS (KOHA)
Source of classification or shelving scheme
Koha item type წიგნი
ეგზემპლარები
Withdrawn status Lost status Source of classification or shelving scheme Damaged status Not for loan Permanent Location Current Location Shelving location Date acquired Cost, normal purchase price Full call number Barcode Date last seen Copy number Uniform Resource Identifier Price effective from Koha item type Public note
          ბათუმის შოთა რუსთაველის სახელმწიფო უნივერსიტეტის მთავარი ბიბლიოთეკა ბათუმის შოთა რუსთაველის სახელმწიფო უნივერსიტეტის მთავარი ბიბლიოთეკა წიგნსაცავი 2023-10-23 7.00 323.329(38)+94(38) Б-68 65379 2023-10-23 65379 ბსუ-ს საპატიო დოქტორის გურამ ლორთქიფანიძის საჩუქარი 2023-10-23 წიგნი 7 ლ.